| 000 | 00603nam a2200169 a 4500 | ||
|---|---|---|---|
| 001 | 4140 | ||
| 005 | 20140414131934.0 | ||
| 008 | 090218s19uu xx 00 eng d | ||
| 050 |
_aREF 577.3 _bW87 2005 |
||
| 100 | _aWoodward, John | ||
| 245 | _aTemperate forest. | ||
| 260 |
_aAustin, TX : _bRaintree Steck-Vaughn, _c2002. |
||
| 520 | _aA comprehensive look at the temperate forest biome, examining its climate, plants, animals, people, and future, plus detailed views of some famous or important temperate locations. | ||
| 650 | _aForest ecology. | ||
| 650 | _aTemperate climate. | ||
| 999 |
_c112369 _d112369 |
||